Electronics: (Record no. 141029)

MARC details
000 -LEADER
fixed length control field 00788nam a22002177a 4500
005 - DATE AND TIME OF LATEST TRANSACTION
control field 20170613111312.0
010 ## - LCCN (DPL NO)
LC control number 1617EN
020 ## - INTERNATIONAL STANDARD BOOK NUMBER
International Standard Book Number 9789386070821
Terms of availability 475.00
035 ## - SYSTEM CONTROL NUMBER
System control number B-667460
037 ## - SOURCE OF ACQUISITION
Source of stock number/acquisition BSB
Stock number dpl
082 ## - DEWEY DECIMAL CLASSIFICATION NUMBER
Classification number 621.381
100 ## - MAIN ENTRY--PERSONAL NAME
Personal name Chattopadhyay, D
245 ## - TITLE STATEMENT
Title Electronics:
Statement of responsibility, etc by D Chattopdhyay and P.C. Rakshit
Remainder of title fundamentals and applications /
250 ## - EDITION STATEMENT
Edition statement 14th ed
260 ## - PUBLICATION, DISTRIBUTION, ETC. (IMPRINT)
Place of publication, distribution, etc New Delhi
Name of publisher, distributor, etc New age International
Date of publication, distribution, etc 2017
270 ## - ADDRESS
Address 7/30 A, Daryaganj
City New Delhi
Postal code 110002
300 ## - PHYSICAL DESCRIPTION
Extent xx, 748p.:
Dimensions 24cm(pbk)
Other physical details illus.
700 ## - ADDED ENTRY--PERSONAL NAME
Personal name Rakshit, P.C
942 ## - ADDED ENTRY ELEMENTS (KOHA)
Source of classification or shelving scheme Dewey Decimal Classification
Item type English Books
Classification part 620.381
Call number suffix CHA
Holdings
Withdrawn status Lost status Not for loan Collection code Home library Current library Date acquired Source of acquisition Cost, normal purchase price Full call number Barcode Copy number Cost, replacement price Koha item type
      Non-fiction Ashok Vihar Ashok Vihar 13/06/2017 BPPD/EN/2016-17/AV/455/15.2.2017/559/3.3.2017/17.3.2017 475.00 620.381 CHA B-667460 1 475.00 English Books

© Delhi Public Library
Hit Counter
free hit counter